000 00735cam a22002531 4500
001 23761
003 BD-RjUL
005 20211209000952.0
008 140311t1953 nyua 000 0ceng
035 _a(BD-RjUL)23826
035 _a(OCoLC)1294960
040 _aDLC
_cFO
_dOCoLC
_dDLC
_dBD-RjUL
_beng
041 _aeng
082 0 0 _a920.02
_bKET 1953
100 1 _aKenworthy, Leonard Stout,
_d1912-
_973157
245 1 0 _aTwelve citizens of the world :
_ba book of biographies /
_cillustrated by William Sharp.
250 _a1st ed.
260 _aGarden City, N.Y. :
_bDoubleday.
_cc1953.
300 _a286 p. :
_billus. ;
_c22 cm.
650 0 _aBiography.
_973158
942 _2ddc
_cBK
999 _c23761
_d23761